| 000 | 00518nam a2200145Ia 4500 | ||
|---|---|---|---|
| 008 | 160216s9999 xx 000 0 und d | ||
| 100 | _aKasimoglu, M. | ||
| 245 | _aVisions for global tourism industry : creating and sustaining competitive strategies / | ||
| 245 | _cM. Kasimoglu. | ||
| 260 | _bInTech. | ||
| 260 | _c2012 | ||
| 650 | _xGlobal tourism. | ||
| 650 | _xSustainable tourism. | ||
| 856 | _uhttp://www.intechopen.com/books/visions-for-global-tourism-industry-creating-and-sustaining-competitive-strategies | ||
| 999 |
_c290636 _d290636 |
||